000 00855nam a22002177a 4500
001 8202
003 FISKH
005 20250902104327.0
008 250902b cb ||||| |||| 00| 0 eng d
040 _aFISKH
_beng
_cFISKH
_dFISKH
050 _aP90.B296
082 _a302.2
100 _aBosworth, Michal
245 _aCommunications : 200 years /
_cMichal Bosworth ; illustrations Penny Walton
260 _aMelbourne :
_bMethuen Australia,
_c1983.
300 _a24 pages :
_bcolor illustrations ;
_c20 cm
520 _aIn sixty-one this daring youth commenced his wild career; with a heart that knew no danger, no horseman did he fear. he held the Beechworth mailcoach up, and robbed Judge Macoboy, who trembled and gave up all his gold to the wild colonial boy.
700 _aWalton, Penny
_eillustrator
942 _2ddc
_cBK
_n0
999 _c8202
_d8202